000 00607nam a2200217Ia 4500
005 20241129120122.0
008 241129s9999||||xx |||||||||||||| ||und||
020 _a9781032669342
037 _aTB
040 _aSDCL
_beng
_cSDCL
041 _aeng
_2eng
084 _aP:795, R4
_qSDCL
100 _aBarros Solange M. de Ed.; Resende Viviane Ed.
_9729187
245 0 _aColoniality in discourse studies: A radical critique
260 _aLondon
_bRoutledge
_c2024
300 _axi,159p.
365 _aINR
_b1295
650 _aHistory
942 _cTB
_hP:795, R4
999 _c1233420
_d1233420